Штати Америки - Statistics

General Stats
  • This quiz has been taken 13 times
  • The average score is 26 of 50
Answers on the Map
Answers color-coded by a green-red scale on the quiz's map according to % correct below.
 
Answer Stats
Штат % Correct
Аляска
100%
Вашингтон
100%
Гаваї
100%
Нью-Йорк
89%
Техас
89%
Флорида
89%
Арізона
78%
Арканзас
78%
Каліфорнія
78%
Міссурі
78%
Невада
78%
Нью-Мексико
78%
Огайо
78%
Алабама
67%
Канзас
67%
Колорадо
67%
Луїзіана
67%
Пенсільванія
67%
Джорджія
56%
Небраска
56%
Нью-Джерсі
56%
Орегон
56%
Південна Кароліна
56%
Айдахо
44%
Вірджинія
44%
Мен
44%
Міннесота
44%
Міссісіпі
44%
Мічиган
44%
Південна Дакота
44%
Північна Дакота
44%
Північна Кароліна
44%
Юта
44%
Вермонт
33%
Вісконсин
33%
Делавер
33%
Іллінойс
33%
Массачусетс
33%
Меріленд
33%
Монтана
33%
Нью-Гемпшир
33%
Айова
22%
Вайомінг
22%
Західна Вірджинія
22%
Індіана
22%
Кентуккі
22%
Коннектикут
22%
Оклахома
22%
Род-Айленд
22%
Теннессі
22%
No matching quizzes found
Score Distribution
Percent of People with Each Score
Percentile by Number Answered
Your Score History
You have not taken this quiz